World Capitals starting with B - Statistics

General Stats
  • This quiz has been taken 75 times
  • The average score is 19 of 26
Answer Stats
Capital % Correct
Berlin
89%
Bucharest
89%
Budapest
89%
Bern
84%
Bogota
84%
Brasília
84%
Brussels
84%
Bangkok
82%
Belgrade
80%
Bratislava
80%
Baku
78%
Buenos Aires
78%
Beijing
76%
Baghdad
71%
Belmopan
71%
Bridgetown
71%
Beirut
69%
Bishkek
69%
Bamako
64%
Bangui
64%
Bissau
62%
Brazzaville
62%
Bandar Seri Begawan
58%
Banjul
58%
Bloemfontein
58%
Basseterre
56%
No matching quizzes found
Score Distribution
Percent of People with Each Score
Percentile by Number Answered
Your Score History
You have not taken this quiz